[Event "Ruhrgebiet Regionalliga 1819"]
[Site "Nordrheinwestfalen"]
[Date "2018.09.30"]
[Round "2.2"]
[White "Hillenbrand, Michael"]
[Black "Sundorf, Jannik"]
[Result "1/2-1/2"]
[WhiteElo "2087"]
[BlackElo "2108"]
[PlyCount "72"]
[EventDate "2018.09.02"]
[EventType "team-tourn"]
[EventRounds "11"]
[EventCountry "GER"]
[SourceTitle "EXT 2022"]
[Source "ChessBase"]
[SourceDate "2021.10.06"]
[SourceVersion "1"]
[SourceVersionDate "2021.10.06"]
[SourceQuality "1"]
[WhiteTeam "Borbeck Weisse Dame"]
[BlackTeam "Dortmund Hansa II"]
[WhiteTeamCountry "GER"]
[BlackTeamCountry "GER"]

1. g3 d5 2. Bg2 c6 3. b3 Nf6 4. Bb2 g6 5. Nf3 Bg7 6. c4 0-0 7. 0-0 Nbd7 8. cxd5 cxd5 9. Nc3 b6 10. Rc1 Bb7 11. d3 Rc8 12. Qd2 a6 13. Rfd1 Nb8 14. Na4 Nc6 15. Ne5 a5 16. Nxc6 Bxc6 17. Bd4 Nd7 18. Bxg7 Kxg7 19. d4 Bxa4 20. bxa4 Nf6 21. Rxc8 Qxc8 22. Rc1 Qd7 23. Qc2 e6 24. Qc6 Qxc6 25. Rxc6 Rb8 26. Bf3 Kf8 27. e3 Ne8 28. Be2 Ke7 29. Bb5 Nd6 30. Rc7+ Kf6 31. Rc6 Ke7 32. Rc7+ Kf6 33. Kf1 Rc8 34. Rxc8 Nxc8 35. Ke2 Nd6 36. Bd3 h6 1/2-1/2

[Event "Ruhrgebiet Regionalliga 1617"]
[Site "Germany"]
[Date "2017.02.26"]
[Round "7.3"]
[White "Hillenbrand, Michael"]
[Black "Voss, Hubertus"]
[Result "1/2-1/2"]
[WhiteElo "2087"]
[BlackElo "2094"]
[PlyCount "32"]
[EventDate "2016.09.11"]
[EventType "team-tourn"]
[EventRounds "9"]
[EventCountry "GER"]
[SourceTitle "EXT 2022"]
[Source "ChessBase"]
[SourceDate "2021.10.06"]
[SourceVersion "1"]
[SourceVersionDate "2021.10.06"]
[SourceQuality "1"]
[WhiteTeam "Borbeck Weisse Dame"]
[BlackTeam "Hamm SV"]
[WhiteTeamCountry "GER"]
[BlackTeamCountry "GER"]

1. c4 c6 2. Nf3 d5 3. e3 Nf6 4. b3 Bg4 5. Bb2 e6 6. Be2 Nbd7 7. h3 Bxf3 8. Bxf3 Bd6 9. 0-0 0-0 10. d4 Qe7 11. Nc3 dxc4 12. bxc4 e5 13. a4 a5 14. Qc2 Rfe8 15. Rfd1 Rac8 16. Ne4 Nxe4 1/2-1/2

[Event "Ruhrgebiet Regionalliga 1213"]
[Site "Nordrheinwestfalen"]
[Date "2013.04.14"]
[Round "8.2"]
[White "Jaring, Thorsten"]
[Black "Hillenbrand, Michael"]
[Result "1-0"]
[WhiteElo "1918"]
[BlackElo "2193"]
[PlyCount "59"]
[EventDate "2012.09.09"]
[EventType "team-tourn"]
[EventRounds "9"]
[EventCountry "GER"]
[SourceTitle "EXT 2020"]
[Source "ChessBase"]
[SourceDate "2019.10.17"]
[SourceVersion "1"]
[SourceVersionDate "2019.10.17"]
[SourceQuality "1"]
[WhiteTeam "Recklinghausen Laeufer Ost"]
[BlackTeam "Weisse Dame Borbeck"]
[WhiteTeamCountry "GER"]
[BlackTeamCountry "GER"]

1. e4 g6 2. d4 Bg7 3. f4 d6 4. Nf3 c5 5. Nc3 cxd4 6. Nxd4 Nc6 7. Be3 Nf6 8. Bc4 0-0 9. Qd2 Bd7 10. h3 Nxd4 11. Bxd4 b5 12. Bd3 b4 13. Nd5 Nxd5 14. Bxg7 Kxg7 15. exd5 Qa5 16. Be4 Rac8 17. Qd4+ Kg8 18. 0-0 Bb5 19. Rfe1 Rc4 20. Qf2 Qb6 21. a3 bxa3 22. Qxb6 axb6 23. Rxa3 Rb4 24. b3 Re8 25. c3 Rxe4 26. Rxe4 Bd3 27. Re3 Bc2 28. c4 b5 29. cxb5 Rb8 30. Rxe7 1-0

[Event "Ruhrgebiet Regionalliga 0910"]
[Site "Germany"]
[Date "2010.03.14"]
[Round "8.2"]
[White "Hillenbrand, Michael"]
[Black "Dargel, Manuel"]
[Result "1-0"]
[WhiteElo "2143"]
[BlackElo "2244"]
[PlyCount "123"]
[EventDate "2009.09.06"]
[EventType "team-tourn"]
[EventRounds "9"]
[EventCountry "GER"]
[SourceTitle "EXT 2011"]
[Source "ChessBase"]
[SourceDate "2010.11.26"]
[SourceVersion "1"]
[SourceVersionDate "2010.11.26"]
[SourceQuality "1"]
[WhiteTeam "Borbeck Weisse Dame"]
[BlackTeam "Hamm Koenigsspringer"]
[WhiteTeamCountry "GER"]
[BlackTeamCountry "GER"]

1. c4 e6 2. Nf3 d5 3. g3 Nf6 4. Bg2 Be7 5. 0-0 0-0 6. b3 c5 7. cxd5 Nxd5 8. Bb2 Nc6 9. Nc3 Bf6 10. Qc1 b6 11. Nxd5 exd5 12. d4 Nxd4 13. Nxd4 cxd4 14. Qd2 Ba6 15. Rfe1 Re8 16. Bxd4 Rxe2 17. Rxe2 Bxe2 18. Re1 Ba6 19. Bxf6 Qxf6 20. Qxd5 Rd8 21. Qd7 g6 22. Re8+ Rxe8 23. Qxe8+ Kg7 24. h4 Bd3 25. Qd7 Qc3 26. Kh2 a5 27. Qd8 Bb1 28. Qxb6 Bxa2 29. Bd5 Qd2 30. Bc4 h5 31. Qa7 Qb2 32. Qxf7+ Kh6 33. Bd3 Qg7 34. Qf4+ Kh7 35. Qg5 Qf7 36. Kg1 Kg7 37. Qxa5 Bxb3 38. Qc3+ Kh7 39. Qe5 Bd1 40. Qd6 Bf3 41. Qd4 Qe7 42. Qe3 Qxe3 43. fxe3 Kh6 44. Kf2 Bc6 45. e4 g5 46. e5 gxh4 47. gxh4 Bd5 48. Ke3 Be6 49. Kf4 Bf7 50. Bf5 Bd5 51. Bd7 Bb3 52. Kf5 Bc4 53. Kf6 Bd5 54. Be8 Bc4 55. Bf7 Bb5 56. Ke7 Ba4 57. Kf8 Bb5 58. e6 Bc6 59. e7 Kh7 60. Be8 Be4 61. Bb5 Bg6 62. Bc4 1-0

[Event "Ruhrgebiet Regionalliga 0910"]
[Site "Germany"]
[Date "2010.02.21"]
[Round "7.2"]
[White "Kilian, Ralf"]
[Black "Hillenbrand, Michael"]
[Result "0-1"]
[WhiteElo "2297"]
[BlackElo "2143"]
[PlyCount "84"]
[EventDate "2009.09.06"]
[EventType "team-tourn"]
[EventRounds "9"]
[EventCountry "GER"]
[SourceTitle "EXT 2011"]
[Source "ChessBase"]
[SourceDate "2010.11.26"]
[SourceVersion "1"]
[SourceVersionDate "2010.11.26"]
[SourceQuality "1"]
[WhiteTeam "Kamen"]
[BlackTeam "Borbeck Weisse Dame"]
[WhiteTeamCountry "GER"]
[BlackTeamCountry "GER"]

1. d4 g6 2. c4 Bg7 3. Nc3 d6 4. Nf3 c6 5. g3 Bg4 6. Bg2 Nd7 7. 0-0 Qb6 8. Na4 Qc7 9. h3 Bxf3 10. Bxf3 e5 11. d5 c5 12. Nc3 a6 13. e4 Ne7 14. Be3 0-0 15. Qd2 f5 16. Bg2 Nb6 17. b3 f4 18. gxf4 exf4 19. Bxf4 Rxf4 20. Qxf4 Bxc3 21. Rac1 Bd4 22. Qg4 Rf8 23. Rcd1 Nd7 24. b4 b6 25. bxc5 Bxc5 26. Kh1 Ne5 27. Qe6+ Kg7 28. h4 Rf4 29. Qh3 Qc8 30. Qxc8 Nxc8 31. Kh2 Rxh4+ 32. Bh3 g5 33. Kg3 Ne7 34. f4 Rxf4 35. Rxf4 gxf4+ 36. Kxf4 Nxc4 37. Rd3 Ne5 38. Rg3+ N5g6+ 39. Kf3 Kf6 40. Be6 b5 41. Rh3 Kg7 42. Ke2 Nf4+ 0-1

[Event "Dresden ZMD op"]
[Site "Dresden"]
[Date "2007.07.23"]
[Round "3"]
[White "Hillenbrand, Michael"]
[Black "Sabel, Reinhard"]
[Result "0-1"]
[WhiteElo "2200"]
[BlackElo "2002"]
[PlyCount "94"]
[EventDate "2007.07.21"]
[EventType "swiss"]
[EventRounds "9"]
[EventCountry "GER"]
[SourceTitle "EXT 2008"]
[Source "ChessBase"]
[SourceDate "2007.11.25"]
[SourceVersion "1"]
[SourceVersionDate "2007.11.25"]
[SourceQuality "1"]

1. c4 e6 2. Nf3 d5 3. b3 Nf6 4. Bb2 Nbd7 5. g3 Bd6 6. Bg2 0-0 7. 0-0 c6 8. Nc3 Qe7 9. d3 b6 10. e4 Bb7 11. Re1 Ba3 12. Qe2 Rfd8 13. exd5 cxd5 14. Bxa3 Qxa3 15. Nd4 Nf8 16. Ncb5 Qe7 17. cxd5 Nxd5 18. Rac1 a6 19. Nc7 Nxc7 20. Bxb7 Rxd4 21. Bxa8 Nxa8 22. Rc8 Rd8 23. Rec1 Rxc8 24. Rxc8 Nc7 25. Qc2 Nd5 26. Qc6 g6 27. Rb8 Kg7 28. Rb7 Qd8 29. Ra7 a5 30. a3 Nf6 31. Qc3 Qd6 32. b4 axb4 33. axb4 N8d7 34. g4 Qe5 35. d4 Qf4 36. h3 Nd5 37. Qc6 Nf8 38. Qe8 Qf6 39. Ra8 Qe7 40. Qc6 Qxb4 41. Qc8 Nf6 42. Qd8 N6d7 43. Qe8 Qxd4 44. Rd8 Qc5 45. Rxd7 Nxd7 46. Qxd7 b5 47. Qd8 Qc3 0-1